| 000 | 00474cam a2200193ua 4500 | ||
|---|---|---|---|
| 020 | _c28.00 | ||
| 041 |
_aeng _h |
||
| 082 |
_a338.9 _bHIC/DE |
||
| 100 | _aHicks, Ursula K . | ||
| 245 |
_aDevelopment from below / _cK Ursula Hicks. _hTextual Documents |
||
| 250 |
_a1 / _b. |
||
| 260 |
_aLondon : _bOxford at the Clarendon Press , _c1961. |
||
| 300 | _a549 ; . | ||
| 365 | _a28.00 | ||
| 504 | _a | ||
| 942 | _cBK | ||
| 999 |
_c2139 _d2139 |
||